Advanced Objective General Knowledge 2025/ (Record no. 213979)

MARC details
000 -LEADER
fixed length control field 00631nam a22002057a 4500
005 - DATE AND TIME OF LATEST TRANSACTION
control field 20260101120307.0
010 ## - LCCN (DPL NO)
LC control number ENG-147381
020 ## - INTERNATIONAL STANDARD BOOK NUMBER
International Standard Book Number 9789364683586
Terms of availability 450.00
035 ## - SYSTEM CONTROL NUMBER
System control number EN-130913
037 ## - SOURCE OF ACQUISITION
Source of stock number/acquisition DBAD
082 ## - DEWEY DECIMAL CLASSIFICATION NUMBER
Edition number 000
Classification number 1
100 ## - MAIN ENTRY--PERSONAL NAME
Personal name Aggarwal, R S
245 ## - TITLE STATEMENT
Title Advanced Objective General Knowledge 2025/
Statement of responsibility, etc R S Aggarwal
250 ## - EDITION STATEMENT
Edition statement Revised
260 ## - PUBLICATION, DISTRIBUTION, ETC. (IMPRINT)
Place of publication, distribution, etc Uttar Pradesh
Name of publisher, distributor, etc S. Chand Publishing
Date of publication, distribution, etc 2025
270 ## - ADDRESS
Address D-92, Sector-2, Noida
City Uttar Pradesh
Postal code 201301
Telephone number 120-4682700
300 ## - PHYSICAL DESCRIPTION
Extent vpp.
Other physical details ill.
Dimensions 27cm(pb)
500 ## - GENERAL NOTE
General note For All Competitive Examination
942 ## - ADDED ENTRY ELEMENTS (KOHA)
Source of classification or shelving scheme Dewey Decimal Classification
Item type English Books
Call number suffix AGG
Classification part 000
Holdings
Withdrawn status Lost status Not for loan Collection code Home library Current library Date acquired Source of acquisition Cost, normal purchase price Full call number Barcode Copy number Cost, replacement price Koha item type
      Non-fiction Bawana Bawana 01/01/2026 Delivery of Books Act Division 450.00 AGG 000 EN-130913 1 450.00 English Books

© Delhi Public Library
Hit Counter
free hit counter